23/24 Top 25 CBB Players - Statistics

General Stats
  • This quiz has been taken 104 times
  • The average score is 10 of 25
Answer Stats
Ranking Team, Position Player % Correct
1 Purdue, C Zach Edey
100%
2 North Carolina, G RJ Davis
76%
3 Kansas, C Hunter Dickinson
65%
23 Arizona, G Caleb Love
63%
4 Tennesee, G Dalton Knecht
60%
8 Alabama, G Mark Sears
59%
14 North Carolina, C Armando Bacot
55%
15 UConn, C Donovan Clingan
45%
25 Creighton, C Ryan Kalkbrenner
44%
5 Duke, C Kyle Filipowski
39%
13 Marquette, G Tyler Kolek
39%
16 Texas A&M, G Wade Taylor IV
35%
24 Northwestern, G Boo Buie
34%
6 UConn, G Tristan Newton
34%
20 Kentucky, G Reed Sheppard
33%
10 Clemson, C PJ Hall
30%
9 Memphis, F David Jones
29%
11 Dayton, C Daron Holmes
24%
19 Michigan State, G Tyson Walker
23%
18 Colorado, G KJ Simpson
21%
21 Texas, G Max Abmas
20%
17 San Diego State, F Jaedon Ledee
17%
7 Kansas, G Kevin McCullar Jr
17%
22 Illinois, G Marcus Domask
16%
12 Colorado State, G Isaiah Stevens
12%
No matching quizzes found
Score Distribution
Percent of People with Each Score
Percentile by Number Answered
Your Score History
You have not taken this quiz